000 00474nam a2200181Ia 4500
001 2183
005 20260306143823.0
008 260306t2011||||xx |||||||||||||| ||spa||
041 _aESP
082 _a616.0028
_bF74
100 _aFong, Bernard
_eAUT
245 0 _aTelemedicine technologies:
_binformation technologies in medicine and telehealth
260 _c2011
300 _aix, 259 páginas :
_c25 cm.
650 _aGEN
654 _aCPS
942 _cLIB
_dJUS
_fJUS
_2ddc
_n
999 _c2183
_d2183